000 00514nam a2200193Ia 4500
008 151119s9999||||xx |||||||||||||| ||und||
082 _a610
082 _bGKKV19610
100 _aगाला ध रा
245 _aअँक्यूप्रेशर
260 _a--
260 _b--
260 _c0
600 _aगाला ध रा
630 _aअँक्यूप्रेशर
700 _aगाला ध रा
730 _aअँक्यूप्रेशर
942 _cBOOK
999 _c1072551
_d1072548